| 000 | 00387nam a22001337a 4500 | ||
|---|---|---|---|
| 020 | _a9780470177983 | ||
| 040 | _cNUST | ||
| 082 |
_a621.366 _bABI |
||
| 100 |
_aJr, Elijah Kannatey - Asibu _9123791 |
||
| 245 | _aPrinciples of Laser Materials Processing | ||
| 260 |
_aCanada: _bJohn Wiley & Sons, _c2009. |
||
| 650 |
_aPrinciples of Laser Materials Processing _9123792 |
||
| 942 |
_2ddc _cREF |
||
| 999 |
_c609867 _d609867 |
||